000 00316nam a2200121Ia 4500
008 210430s9999 xx 000 0 und d
082 _a297 M9631S
100 _aMuhammad Munir
_954596
245 _aSar e Hayat /
_cMuhammad Munir
260 _aRawalpindi
_bImtiazi Printers
_c1979
300 _a317
942 _cBK
_2ddc
999 _c565222
_d565222